01961cam a22003255a 45000010009000000050017000090080041000260100017000670200030000840400033001140820019001471000029001662450072001952500012002672600043002793000026003225040051003485200618003996500039010176500034010566500038010906510010011286530024011387000034011627760168011968560084013649420008014489990017014569520162014731823079220201128023850.0140717t2015 njua frb 001 0 eng d a 2014025843 a9781118206720 (paperback) aDLCbengcDLCdDLCdEG-ScBUE04a338.5bLAZ2221 aLazear, Edward P.94151610aPersonnel economics in practice /cEdward P. Lazear, Michael Gibbs. a3rd ed. aHoboken :bJohn Wiley & Sons,cc.2015. axvi, 400 p. ;c24 cm. aIncludes bibliographical references and index. a"Economics is a methodology that has been applied to many areas of human behavior, and has had enormous influence on the study of organizations and human resources. Developed by much of the founding research from Edward Lazear, this economic approach in these areas adds rigor, structure, and clarifies many important issues.The goal of this text is to give the reader a rigorous framework for understanding organizational design and the management of employees. Not only will students learn and apply ideas from microeconomics, but they will also learn principles that will be valuable in their future careers"-- 7aManagerial economics.2BUEsh92351 7aLabor economics.2BUEsh91571 7aPersonnel management.2BUEsh9994 2BUEsh bBUSECOcOctober20161 aGibbs, Michael,d1962-94151708iOnline version:aLazear, Edward P.tPersonnel economics in practicebThird edition.dHoboken, NJ : John Wiley & Sons, Inc., [2015]z9781118918753w(DLC) 2014028665423Cover imageuhttp://catalogimages.wiley.com/images/db/jimages/9781118206720.jpg 2ddc c22545d22517 00102ddc40708AcademicaMAINbMAINc1STd2016-10-12ePurchaseg465.50h9132l2m4o338.5024658 LAZp000034040r2025-07-15 00:00:00s2017-09-06v581.88yBB